00345nam a2200109Ia 4500008004100000082000800041100002400049245004400073942000600117952009700123999001500220240331s9999 xx 000 0 und d bSAC aSachchthananthan, S 0aPenkalin suvadukalilirunthu sila adikal cL 001040708LaWERCLbWERCLcSSCd2024-03-31l0o 305.4 SACp1190r2024-03-31w2024-03-31yL c1686d1686